Country Flags - Red, Yellow, & Green - Statistics

General Stats
  • This quiz has been taken 1,392 times
  • The average score is 22 of 26
Answer Stats
Picture Answer % Correct
Portugal
95%
Ethiopia
94%
Lithuania
93%
Mauritania
88%
Myanmar
88%
Ghana
87%
Mozambique
87%
Zambia
87%
Zimbabwe
87%
Dominica
86%
Senegal
86%
Burkina Faso
85%
Cameroon
85%
Mali
84%
Grenada
83%
Suriname
83%
Togo
83%
Benin
82%
Guyana
82%
Guinea
81%
Sao Tome & Principe
80%
Vanuatu
80%
Rep. of the Congo
79%
St. Kitts and Nevis
78%
Bolivia
77%
Guinea-Bissau
75%
No matching quizzes found
Score Distribution
Percent of People with Each Score
Percentile by Number Answered
Your Score History
You have not taken this quiz